Guess The Footballer - By Country - Statistics

General Stats
  • This quiz has been taken 125 times
  • The average score is 21 of 24
Answer Stats
Player Country % Correct
Vinicius Jr Brazil
100%
Luka Modric Croatia
100%
Phil Foden England
100%
Manuel Neuer Germany
100%
Toni Kroos Germany
100%
Heung Min Son South Korea
100%
Gareth Bale Wales
100%
Mohamed Salah Egypt
97%
Erling Haaland Norway
97%
Robert Lewandowski Poland
97%
Luis Suarez Uruguay
97%
Thiago Silva Brazil
96%
Harry Kane England
96%
Cristiano Ronaldo Portugal
96%
Ruben Dias Portugal
96%
Virgil van Dijk Netherlands
95%
Achraf Hakimi Morocco
94%
Lionel Messi Argentina
93%
Karim Benzema France
93%
Neymar Jr Brazil
92%
Kylian Mbappe France
92%
N'Golo Kante France
92%
Paul Pogba France
91%
Kevin De Bruyne Belgium
90%
Mateo Kovacic Croatia
90%
Frenkie de Jong Netherlands
90%
Harry Maguire England
89%
Ederson Brazil
88%
Jadon Sancho England
88%
Raheem Sterling England
88%
Darwin Nunez Uruguay
87%
Bruno Fernandes Portugal
86%
Marcus Rashford England
85%
Joshua Kimmich Germany
84%
Kalidou Koulibaly Senegal
84%
Ansu Fati Spain
84%
Paulo Dybala Argentina
83%
Kai Havertz Germany
83%
Sadio Mane Senegal
83%
Alphonso Davies Canada
82%
Luis Diaz Colombia
82%
Hugo Lloris France
81%
Lorenzo Insigne Italy
81%
Nicolo Barella Italy
80%
David Alaba Austria
79%
Keylor Navas Costa Rica
77%
Andrew Robertson Scotland
77%
Dusan Vlahovic Serbia
77%
Aymeric Laporte Spain
77%
Riyad Mahrez Algeria
76%
Youri Tielemans Belgium
73%
Jorginho Italy
69%
Diogo Jota Portugal
68%
Wilfred Ndidi Nigeria
65%
Milan Skriniar Slovakia
55%
No matching quizzes found
Score Distribution
Percent of People with Each Score
Percentile by Number Answered
Your Score History
You have not taken this quiz